Nomeie um Pokemon A-Z da 1° Geração - Kanto - Statistics

Estatísticas Gerais
  • Esse quiz foi jogado 1 042 vezes
  • A pontuação média é 16 de 22
Estatísticas das Respostas
Letra Pokemon % Correto
C Caterpie | Chansey | Charizard | Charmander | Charmeleon | Clefable | Clefairy | Cloyster | Cubone
95%
B Beedril | Bellsprout | Blastoise | Bulbasaur | Butterfree
93%
A Abra | Aerodactyl | Alakazam | Arbok | Arcanine | Articuno
89%
P Paras | Parasect | Persian | Pidgeot | Pidgeotto | Pidgey | Pikachu | Pinsir | Poliwag | Poliwhirl | Poliwrath | Ponyta | Porygon | Primeape | Psyduck
88%
D Dewgong | Diglet | Ditto | Dodrio | Doduo | Dragonair | Dragonite | Dratini | Drowzee | Dugtrio
83%
M Machamp | Machoke | Machop | Magikarp | Magmar | Magnemite | Magneton | Mankey | Marowak | Meowth | Metapod | Mew | Mewtwo | Moltres
82%
G Gastly | Gengar | Geodude | Gloom| Golbat | Goldeen | Golduck | Golem | Graveler | Grimer | Growlithe | Gyarados
81%
E Eevee | Ekans | Electabuzz | Electrode | Exeggcute | Exeggutor
76%
R Raichu | Rapidash | Raticate | Rattata | Rhydon | Rhyhorn
74%
S Sandshrew | Sandslash | Scyther | Seadra | Seaking | Seel | Shellder | Slowbro | Slowpoke | Snorlax | Spearow | Squirtle | Starmie | Staryu
73%
V Vaporeon | Venomoth | Venonat | Venusaur | Victreebel | Vileplume | Voltorb | Vulpix
71%
F Farfetch´d | Fearow | Flareon
70%
Z Zapdos | Zubat
70%
K Kabuto | Kabutops | Kadabra | Kakuna | Kangaskhan | Kingler | Koffing | Krabby
69%
J Jigglypuff | Jolteon | Jynx
68%
O Oddish | Omanyte | Omastar | Onix
65%
H Haunter | Hitmonchan | Hitmonlee | Horsea | Hypno
62%
L Lapras | Lickitung
59%
W Wartortle | Weedle | Weepinbell | Weezing | Wigglytuff
57%
N Nidoking | Nidoqueen | Nidoran F | Nidoran M | Nidorina | Nidorino | Ninetales
56%
T Tangela | Tauros | Tentacool | Tentacruel
47%
I Ivysaur
42%
Nenhum quiz correspondente encontrado
Distribuição das Pontuações
Porcentagem de Pessoas com Cada Pontuação
Percentil de Números Respondidos
Sua Pontuação Histórica
Você não jogou esse quiz